00772nam a22002537a 4500003001100000005001700011008004100028020001500069040003900084041000800123082001500131245004100146260003800187300004000225650002200265650001800287650002000305700002600325700003000351700002500381942000700406952009000413999001500503LK-CoMWRAF20231113122508.0231022b1980 |||||||| |||| 00| 0 eng d a0205068448 aLK-CoMWRAFdLK-CoMWRAFeLK-CoMWRAF aeng a155.4bMOR aMoral development and socialization  aBoston: bAllyn and Bacon, c1980 axi, 264 p. ; 24 cm.bIndex included aMORAL DEVELOPMENT aSocialization aMoral education aWindmiller, Myraeed. a Lambert, Nadine M. eed. aTuriel, Elliot.eed. cBK 00104070aMAINbMAINd2023-10-22l0o155.4 MORpRAF1810r2023-10-22w2023-10-22yBK c3968d3968